Analýza rozsahu zákona o dani z príjmov a početnosti jeho zmien

História vzniku zákona o dani z príjmov. Zložitosť právnej úpravy zdaňovania príjmov. Početnosť novelizácií zákona o dani z príjmov a prehľad dátumov, ku ktorým nadobudli novely účinnosť.

Na minha lista:
Detalhes bibliográficos
Autor principal: Šrenkel, Ľudovít
Outros Autores: Smorada, Marián, 1984-
Formato: Capítulo de Livro
Idioma:eslovaco
Assuntos:
Tags: Adicionar Tag
Sem tags, seja o primeiro a adicionar uma tag!

MARC

LEADER 00000naa$a2200000$$$4500
001 0181120
005 20240502073113.2
041 0 |a slo 
044 |a SK 
245 1 0 |a Analýza rozsahu zákona o dani z príjmov a početnosti jeho zmien  |c Ľudovít Šrenkel, Marián Smorada 
520 |a História vzniku zákona o dani z príjmov. Zložitosť právnej úpravy zdaňovania príjmov. Početnosť novelizácií zákona o dani z príjmov a prehľad dátumov, ku ktorým nadobudli novely účinnosť. 
610 2 0 |a dane z príjmov 
610 2 0 |a legislatíva 
610 2 0 |a novelizácia 
100 1 |a Šrenkel, Ľudovít 
700 1 |a Smorada, Marián, 1984-